D-5 GELİRKEN EKMEK AL (Record no. 1249990)

MARC details
000 -LEADER
sabit uzunluktaki kontrol alanı 00246nam a2200097Ia 4500
001 - KONTROL NUMARASI
kontrol alanı 1249990
005 - EN SON İŞLEMİN TARİH VE ZAMANI
kontrol alanı 20251031150847.0
008 - SABİT-UZUNLUKTA VERİ ÖĞELERİ--GENEL BİLGİ
sabit uzunluktaki kontrol alanı 251031s9999 xx 000 0 und d
245 #0 - ESER / YAZAR
Yazar Adı SERMİN YAŞAR
ESER ADI D-5 GELİRKEN EKMEK AL
260 ## - YAYIN, DAĞITIM, VB.
YAYIN EVİ DOĞAN KİTAP
Holdings
Düşüm durumu Kayıp durumu Hasar Durumu Ödünç verilmez Ana kütüphane Geçerli Kütüphane Edinilen tarih Toplam ödünç verme sayısı Tam yer numarası Barkod İade tarihi Son görüntüleme tarihi Son ödünç verme tarihi Fiyatın geçerli olmaya başladığı tarih Koha materyal türü
        ŞEHİT BURAK GENÇ CELEP HAVA LOJMAN KÜTÜPHANESİ ŞEHİT BURAK GENÇ CELEP HAVA LOJMAN KÜTÜPHANESİ 30.10.2025 1 D-5 / GENEL 11048690000045150 01.01.2026 17.12.2025 17.12.2025 31.10.2025 Books